Adopt me Actec egg Pets - Statistics

General Stats
  • This quiz has been taken 29 times
  • The average score is 6 of 8
Answer Stats
Hint Answer % Correct
Common Tegu
100%
Ultra-Rare Onza
88%
Legendary Temple Friend
85%
Uncommon Tree frog
77%
Rare Water Opossum
58%
Rare Chanekeh
54%
Ultra-Rare Ehecatl
54%
Legendary Quetzalcoatl
50%
No matching quizzes found
Score Distribution
Percent of People with Each Score
Percentile by Number Answered
Your Score History
You have not taken this quiz